| 000 | 00628nam a22001817a 4500 | ||
|---|---|---|---|
| 003 | AUA.1 | ||
| 005 | 20251118143558.0 | ||
| 008 | 250711b |||||||| |||| 00| 0 eng d | ||
| 040 | _cJTL | ||
| 100 | _aMonde, Ilukena | ||
| 245 |
_aAn evaluation of the impact of poverty on the Liumba community in Liumba mission station : _bA strategy towards hardship alleviation / _cIlukena Monde. |
||
| 260 | _cc2025. | ||
| 300 |
_aix,152 leaves : _bIllustrations : _c30cm. |
||
| 650 |
_aPoverty _951908 |
||
| 650 |
_aMissions _xSeventh-day Adventists |
||
| 651 | _aLiumba, Zambia | ||
| 942 |
_2aua _cTHESIS _hMA Miss _i.I48 2025 |
||
| 999 |
_c25208 _d25208 |
||